[Event "Moquegua Ilo GP"]
[Site "Moquegua Ilo"]
[Date "2017.11.03"]
[Round "5"]
[White "Hilario Huaranca, Aleyla Karen"]
[Black "Cusacani Alvarado, Julio Martin"]
[Result "1/2-1/2"]
[WhiteElo "1921"]
[BlackElo "1752"]
[PlyCount "50"]
[EventDate "2017.11.01"]
[EventType "swiss"]
[EventRounds "8"]
[EventCountry "PER"]
[SourceTitle "CBM 181 Extra"]
[Source "ChessBase"]
[SourceDate "2017.12.12"]
[SourceVersion "1"]
[SourceVersionDate "2017.12.12"]
[SourceQuality "1"]

1. d4 e6 2. Nf3 b6 3. g3 Bb7 4. Bg2 Nf6 5. 0-0 c5 6. e3 Be7 7. c4 0-0 8. Nc3 Ne4 9. Qc2 f5 10. Rd1 Na6 11. a3 Qe8 12. Ne1 Nd6 13. b3 Bxg2 14. Nxg2 Rd8 15. Bb2 g5 16. d5 Nc7 17. f4 g4 18. Rd2 Qg6 19. Rad1 Nce8 20. Ne1 Nf6 21. Nd3 h5 22. Ne5 Qe8 23. h3 gxh3 24. Rh2 Ng4 25. Rxh3 Bf6 1/2-1/2